NBA Nicknames Quiz - Statistics

General Stats
  • This quiz has been taken 29 times
  • The average score is 22 of 30
Answer Stats
Hint Answer % Correct
Black Mamba Kobe Bryant
100%
Vinsanity Vince Carter
100%
"The Glide" Clyde Drexler
96%
"The Worm" Dennis Rodman
96%
Dr. J Julius Erving
96%
"The Claw" Kawhi Leonard
96%
King _____ Lebron James
96%
Greek Freak Giannis Antetokounmpo
93%
"The Beard" James Harden
93%
Linsanity Jeremy Lin
93%
Diesel Shaquille O'Neal
93%
"The Answer" Allen Iverson
89%
"The Big Fundamental" Tim Duncan
85%
"The Truth" Paul Pierce
81%
"The Glove" Gary Payton
78%
"The Big Ticket" Kevin Garnett
78%
Jesus Shuttlesworth Ray Allen
78%
White Chocolate Jason Williams
74%
Great Wall Yao Ming
74%
"The Admiral" David Robinson
70%
The Human Highlight Film Dominique Wilkins
67%
Flash Dwyane Wade
67%
Round Mound of Rebound Charles Barkley
63%
Iceman George Gervin
63%
Zeke Isiah Thomas
56%
"The Pearl" Earl Monroe
48%
Big Shot Bob Robert Horry
41%
Birdman Chris Andersen
30%
Mr Big Shot Chauncey Billups
26%
Clyde Walt Frazier
26%
No matching quizzes found
Score Distribution
Percent of People with Each Score
Percentile by Number Answered
Your Score History
You have not taken this quiz